[Event "Sort op 5th"]
[Site "Sort"]
[Date "2009.07.01"]
[Round "8"]
[White "Burmakin, Vladimir"]
[Black "Teske, Henrik"]
[Result "1-0"]
[WhiteElo "2605"]
[BlackElo "2523"]
[PlyCount "69"]
[EventDate "2009.06.24"]
[EventType "swiss"]
[EventRounds "9"]
[EventCountry "ESP"]
[SourceTitle "CBM 131 Extra"]
[Source "ChessBase"]
[SourceDate "2009.09.03"]
[SourceVersion "2"]
[SourceVersionDate "2009.09.16"]
[SourceQuality "1"]

1. Nf3 c5 2. g3 g6 3. Bg2 Bg7 4. d4 cxd4 5. Nxd4 Nc6 6. Nb3 d6 7. O-O h5 8. h4 Nh6 ({RR} 8... Be6 9. N1d2 Qd7 10. Nf3 Bh3 11. Bxh3 Qxh3 12. Qd5 Qd7 13. Rd1 Nf6 14. Qd3 O-O 15. Bg5 a5 16. Bxf6 Bxf6 17. c3 a4 18. Nbd4 Rfc8 19. Rac1 Na5 20. e4 Nc4 21. Qc2 b5 22. b3 Ne5 23. Nxe5 {Laznicka,V (2672)-Navara,D (2739) Chartres 2017 0-1 (39)}) 9. Nc3 $146 ({RR} 9. N1d2 Ng4 10. Nf3 O-O 11. c3 Qb6 12. Nh2 Nge5 13. Bg5 Re8 14. e4 Nc4 15. Qe2 Be6 16. Kh1 a5 17. f4 Nxb2 18. Qxb2 a4 19. f5 Bc4 20. fxg6 fxg6 21. g4 axb3 22. Rf2 Rxa2 23. Rxa2 Qxf2 {Melnikov,A (2007)-Chernov,E (2291) Myrhorod 2011 0-1}) ({RR} 9. c4 Qc7 10. Nc3 O-O 11. Nd5 Qd8 12. c5 e6 13. Bg5 f6 14. Nxf6+ Rxf6 15. cxd6 Nf7 16. Bxf6 Bxf6 17. Qc2 Kg7 18. Rfd1 Nxd6 19. Bxc6 bxc6 20. Qxc6 Bb7 21. Qxd6 Bd5 22. Qxd8 Bxd8 23. Rac1 Kf6 {Domingo Nunez,A (2316)-Morales Garcia,S (2249) chess.com INT 2024 1-0}) ({RR} 9. c4 Be6 10. Qd3 Ne5 11. Qd1 Bxc4 12. Bxb7 Rb8 13. Bg2 O-O 14. Nc3 Nf5 15. Bf4 Qb6 16. Nd5 Bxd5 17. Qxd5 Ng4 18. e4 e5 19. exf5 exf4 20. fxg6 fxg3 21. Qxh5 gxf2+ 22. Kh1 Nh6 23. Rad1 Qe3 {Srihari,L (2414)-Bernadskiy,V (2619) Chess.com INT 2020 0-1 (42)}) 9... Nf5 10. e4 Nfd4 11. Nxd4 Bxd4 12. Nd5 Bg4 13. Qd3 Qd7 14. c3 Bg7 15. f4 f5 16. Ne3 O-O-O 17. Nxg4 hxg4 18. Be3 Kb8 19. Rad1 e6 20. c4 e5 21. b3 Nd4 22. Bxd4 exd4 23. Rde1 Rhe8 24. Re2 Re7 25. Rfe1 Rde8 26. exf5 Rxe2 27. Rxe2 Rxe2 28. Qxe2 gxf5 29. Bd5 Kc7 30. Kf2 Bf6 31. Qe6 Qd8 32. Qxf5 Bxh4 33. gxh4 Qxh4+ 34. Kf1 Kb6 35. Bg2 1-0

[Event "Sort op 5th"]
[Site "Sort"]
[Date "2009.07.02"]
[Round "9"]
[White "Movsziszian, Karen"]
[Black "Burmakin, Vladimir"]
[Result "1-0"]
[WhiteElo "2556"]
[BlackElo "2605"]
[PlyCount "65"]
[EventDate "2009.06.24"]
[EventType "swiss"]
[EventRounds "9"]
[EventCountry "ESP"]
[SourceTitle "CBM 131 Extra"]
[Source "ChessBase"]
[SourceDate "2009.09.03"]
[SourceVersion "2"]
[SourceVersionDate "2009.09.16"]
[SourceQuality "1"]

1. Nf3 d5 2. g3 c6 3. Bg2 Bf5 4. O-O e6 5. d3 Nf6 6. Qe1 Nbd7 ({RR} 6... h6 7. Nh4 Bh7 8. f4 Nbd7 9. Nc3 Be7 10. e4 O-O 11. e5 Ne8 12. Nf3 Nc7 13. g4 f6 14. exf6 Bxf6 15. g5 hxg5 16. fxg5 Bxc3 17. bxc3 Qe7 18. Qg3 Rxf3 19. Rxf3 Nf8 20. Bf4 Nb5 21. a4 {Maghsoodloo,P (2671)-Moroni,L (2553) Chess.com INT 2019 1-0 (44)}) 7. Nc3 $146 ({RR} 7. Nh4 Bg4 8. h3 Bh5 9. f4 Bg6 10. e4 Bc5+ 11. Kh1 dxe4 12. dxe4 Be7 13. f5 Bh5 14. Nc3 e5 15. g4 Nxg4 16. hxg4 Bxg4 17. Nf3 h5 18. Qg3 Qc7 19. Ng5 Nf6 20. Bh3 h4 21. Qg2 Bh5 {Bjerre,J (2648)-Kashefi,A (2183) chess.com INT 2024 1-0 (38)}) ({RR} 7. Nh4 Bg4 8. h3 Bh5 9. f4 Bg6 10. e4 Bc5+ 11. Kh1 dxe4 12. dxe4 Be7 13. f5 Bh5 14. Nc3 e5 15. g4 Nxg4 16. hxg4 Bxg4 17. Nf3 h5 18. Qg3 Qc7 19. Ng5 Nf6 20. Bh3 h4 21. Qg2 Bh5 {Bjerre,J (2648)-Kashefi,A (2183) chess.com INT 2024 1-0 (38)}) 7... Bb4 8. Bd2 O-O 9. Nxd5 Bxd2 10. Nxf6+ Qxf6 11. Qxd2 Qxb2 12. Rab1 Qxa2 13. Rxb7 Nb6 14. Nd4 c5 15. Nxf5 exf5 16. Qc3 Qe6 17. Ra1 Rfc8 18. Qb3 Rab8 19. Qxe6 fxe6 20. Raxa7 Rxb7 21. Rxb7 Nd5 22. Bxd5 exd5 23. Kg2 d4 24. h4 Re8 25. Kf3 g6 26. Rc7 Re5 27. e4 dxe3 28. fxe3 Rd5 29. Ke2 h6 30. c4 Re5 31. Kf3 g5 32. hxg5 hxg5 33. Rd7 1-0

[Event "Donostia-A"]
[Site "San Sebastian"]
[Date "2009.07.08"]
[Round "2"]
[White "Granda Zuniga, Julio E"]
[Black "San Segundo Carrillo, Pablo"]
[Result "1-0"]
[WhiteElo "2647"]
[BlackElo "2570"]
[PlyCount "56"]
[EventDate "2009.07.07"]
[EventType "tourn"]
[EventRounds "9"]
[EventCountry "ESP"]
[EventCategory "18"]
[SourceTitle "CBM 132"]
[Source "ChessBase"]
[SourceDate "2009.09.16"]
[SourceVersion "1"]
[SourceVersionDate "2009.09.16"]
[SourceQuality "1"]

1. b3 d5 2. Bb2 Nf6 3. e3 c5 4. Nf3 Nc6 5. Bb5 Bd7 6. O-O e6 7. c4 a6 8. Ba4 ({RR} 8. Bxc6 Bxc6 9. Ne5 Rc8 10. Nxc6 Rxc6 11. cxd5 Qxd5 12. Bxf6 gxf6 13. Nc3 Qd3 14. Rc1 Bd6 15. Qf3 f5 16. Rfd1 O-O 17. Ne2 Rfc8 18. g3 b5 19. Kg2 Be5 20. Nf4 Qe4 21. d3 Qxf3+ 22. Kxf3 Bxf4 {Caruana,F (2796)-Oparin,G (2662) chess.com INT 2024 ½-½ (38)}) ({RR} 8. cxd5 axb5 9. dxc6 Bxc6 10. Ne5 Bd6 11. d4 Qc7 12. f4 O-O 13. Nc3 Nd5 14. Rf3 Nxc3 15. Bxc3 Bxf3 16. Qxf3 Bxe5 17. dxe5 Rfd8 18. Rf1 Rxa2 19. f5 b4 20. f6 bxc3 21. Qg3 g6 22. Kh1 c2 {Molina Mendoza,O (2101)-Nikulina,A (1875) chess.com INT 2025 0-1}) 8... Rb8 $146 ({RR} 8... Be7 9. cxd5 exd5 10. Bxc6 Bxc6 11. d4 O-O 12. Nc3 b6 13. Rc1 Rc8 14. Ne5 Bb7 15. Ne2 Re8 16. Ng3 Bf8 17. Qf3 Rc7 18. Rfd1 Bc8 19. h3 Be6 20. Bc3 Rc8 21. Qe2 a5 22. Qb5 Nd7 23. Nxd7 {Stantic,S (2118)-Di Tolla,F Nova Gorica 1999 0-1 (32)}) ({RR} 8... Bd6 9. d4 cxd4 10. cxd5 exd5 11. Bxc6 bxc6 12. Qxd4 O-O 13. Nc3 Re8 14. Na4 Bg4 15. Rac1 Bxf3 16. gxf3 Be5 17. Qh4 Qd6 18. Rfd1 Bxb2 19. Nxb2 Qa3 20. Rd2 Qxa2 21. Qa4 Qxa4 22. bxa4 Re6 23. Rdc2 {Toma,R (2377)-Mariano,E (2203) Arad 2017 ½-½ (67)}) 9. Na3 Bd6 10. d4 cxd4 11. cxd5 exd5 12. Bxc6 bxc6 13. exd4 O-O 14. Ne5 Re8 15. Nc2 Bxe5 16. dxe5 Ng4 17. f4 Qb6+ 18. Qd4 c5 19. Qxd5 Bf5 20. h3 Red8 21. Qf3 Rd3 22. Qe2 c4+ 23. Kh1 Rbd8 24. e6 Bxe6 25. f5 Rxh3+ 26. gxh3 Bd5+ 27. Rf3 cxb3 28. Nd4 Nf6 1-0

[Event "Donostia-B"]
[Site "San Sebastian"]
[Date "2009.07.11"]
[Round "4"]
[White "Hamdouchi, Hicham"]
[Black "Cifuentes Parada, Roberto"]
[Result "1-0"]
[WhiteElo "2589"]
[BlackElo "2539"]
[PlyCount "73"]
[EventDate "2009.07.07"]
[EventType "tourn"]
[EventRounds "9"]
[EventCountry "ESP"]
[EventCategory "11"]
[SourceTitle "CBM 131 Extra"]
[Source "ChessBase"]
[SourceDate "2009.09.03"]
[SourceVersion "2"]
[SourceVersionDate "2009.09.16"]
[SourceQuality "1"]

1. d4 d5 2. c4 c6 3. Nf3 Nf6 4. e3 e6 5. Bd3 Nbd7 6. b3 Bd6 7. Bb2 Qe7 8. O-O e5 9. dxe5 Nxe5 10. cxd5 Nfg4 11. g3 Nxf3+ 12. Qxf3 Ne5 13. Qd1 h5 $146 ({RR} 13... Bh3 14. Re1 Rd8 15. Bf1 Bg4 16. Be2 Bb4 17. Nc3 Bxc3 18. Bxc3 Rxd5 19. Bd4 Bxe2 20. Qxe2 O-O 21. f4 Nd7 22. Qb2 f6 23. e4 Rh5 24. Rad1 c5 25. Bc3 Rd8 26. Qe2 Qf7 27. Rd6 Rh6 28. Red1 {Wang,R (2497)-Liu,P (2292) Suzhou 2006 1-0 (32)}) 14. Nc3 h4 15. Ne4 hxg3 16. fxg3 Bh3 17. Rf4 O-O-O 18. Nxd6+ Qxd6 19. Be2 cxd5 20. Qd4 Nc6 21. Qxg7 Be6 22. Rc1 Kb8 23. Qxh8 Rxh8 24. Bxh8 a6 25. Bb2 Nb4 26. a3 Na2 27. Rc2 Qb6 28. Be5+ Ka8 29. Kf2 Qxb3 30. Bd1 Qxa3 31. Ra4 Qd3 32. Rd4 Qa3 33. Rh4 a5 34. Rh8+ Ka7 35. Bd4+ Ka6 36. Be2+ b5 37. Rc7 1-0

[Event "Netanya Riordan"]
[Site "Netanya"]
[Date "2009.07.13"]
[Round "5"]
[White "Roiz, Michael"]
[Black "Beliavsky, Alexander G"]
[Result "1-0"]
[WhiteElo "2658"]
[BlackElo "2662"]
[PlyCount "61"]
[EventDate "2009.07.12"]
[EventType "tourn (rapid)"]
[EventRounds "13"]
[EventCountry "ISR"]
[EventCategory "17"]
[SourceTitle "CBM 131 Extra"]
[Source "ChessBase"]
[SourceDate "2009.09.03"]
[SourceVersion "2"]
[SourceVersionDate "2009.09.16"]
[SourceQuality "1"]

1. Nf3 f5 2. d3 Nf6 3. e4 d6 4. exf5 Bxf5 5. d4 g6 6. Bd3 Qd7 7. O-O Bg7 8. Bxf5 Qxf5 9. Nc3 Nd5 $146 ({RR} 9... O-O 10. Re1 Nc6 11. d5 Nb4 12. Nd4 Qh5 13. Nf3 Nbxd5 14. Nxd5 Nxd5 15. c4 Nb6 16. Rxe7 Rae8 17. Qe2 Be5 18. Rxe8 Rxe8 19. Bf4 Nd7 20. Re1 Qf5 {½-½ (20) Makovec,B (2231)-Zelic,M (2244) Mali Losinj 2021}) ({RR} 9... O-O 10. Re1 Nc6 11. d5 Nb4 12. Nd4 Qh5 13. Nf3 Nbxd5 14. Nxd5 Nxd5 15. c4 Nb6 16. Rxe7 Rae8 17. Qe2 Be5 18. Rxe8 Rxe8 19. Bf4 Nd7 20. Re1 Qf5 {½-½ (20) Makovec,B (2231)-Zelic,M (2244) Mali Losinj 2021}) 10. Ne2 O-O 11. c4 Nb6 12. b3 Nc6 13. Be3 e5 14. Ng3 Qd7 15. d5 Nd8 16. Ng5 Qe7 17. Qg4 Nd7 18. Rac1 Nf6 19. Qh3 h6 20. N5e4 Nxe4 21. Nxe4 Nf7 22. c5 Rfd8 23. cxd6 Nxd6 24. Nxd6 Qxd6 25. Bxh6 Rd7 26. Qe6+ Kh7 27. Be3 a5 28. Rc4 Qxe6 29. dxe6 Re7 30. Bg5 Rxe6 31. Rxc7 1-0

[Event "Netanya Riordan"]
[Site "Netanya"]
[Date "2009.07.14"]
[Round "10"]
[White "Eljanov, Pavel"]
[Black "Nepomniachtchi, Ian"]
[Result "1-0"]
[WhiteElo "2716"]
[BlackElo "2632"]
[PlyCount "71"]
[EventDate "2009.07.12"]
[EventType "tourn (rapid)"]
[EventRounds "13"]
[EventCountry "ISR"]
[EventCategory "17"]
[SourceTitle "CBM 131 Extra"]
[Source "ChessBase"]
[SourceDate "2009.09.03"]
[SourceVersion "2"]
[SourceVersionDate "2009.09.16"]
[SourceQuality "1"]

1. Nf3 d5 2. c4 d4 3. g3 g6 4. b4 Bg7 5. d3 e5 6. Bg2 Ne7 7. O-O O-O 8. Nbd2 h6 ({RR} 8... f5 9. Nb3 Nd7 10. Bb2 h6 11. Qc2 g5 12. Rae1 Ng6 13. e3 g4 14. Nfd2 dxe3 15. fxe3 Qg5 16. d4 e4 17. d5 Nde5 18. Nd4 Nd3 19. Re2 Nxb4 20. Qc3 Nd3 21. Ba3 Rf7 22. Bxe4 fxe4 23. Rxf7 {Platzgummer,F (2291)-Sai,K (2365) chess.com INT 2025 0-1 (84)}) 9. a4 c5 $146 ({RR} 9... g5 10. b5 Ng6 11. Ba3 Re8 12. c5 Be6 13. Qc2 c6 14. Nc4 Re7 15. Nfd2 h5 16. Ne4 f6 17. Ned6 Qf8 18. e3 h4 19. Rae1 f5 20. exd4 exd4 21. Nxb7 f4 22. Be4 Ne5 23. Nxe5 Bxe5 24. bxc6 {Petrov,N (2573)-Campora,D (2426) Lisbon 2018 1-0 (35)}) ({RR} 9... a5 10. b5 c5 11. bxc6 Nexc6 12. Ba3 Nb4 13. Ne1 N8a6 14. Nc2 Re8 15. Bxb4 axb4 16. Nb3 Ra7 17. Qd2 Qe7 18. a5 Bf5 19. e3 dxe3 20. Nxe3 Be6 21. Nd5 Qg5 22. Qe3 Qxe3 23. fxe3 e4 24. Rad1 {Kramnik,V (2777)-Andreikin,D (2720) Baku 2015 ½-½ (70)}) 10. bxc5 f5 11. Ne1 Nbc6 12. Nc2 Kh7 13. Ra3 g5 14. e3 Ng6 15. Qh5 Bd7 16. Rb3 Na5 17. Rb4 Bc6 18. Bxc6 bxc6 19. exd4 exd4 20. Nf3 f4 21. Rb1 Rf5 22. Bd2 Ne7 23. g4 Rxc5 24. Bb4 Qd6 25. Nxg5+ Rxg5 26. Bxd6 Rxh5 27. gxh5 Bf6 28. Bxe7 Bxe7 29. Nxd4 Rd8 30. Rfe1 Bf6 31. Nb3 Nb7 32. Re6 Bh4 33. Rxc6 Nd6 34. Nd2 Rd7 35. Nf3 Nf5 36. Rc5 1-0

[Event "Mainz Ordix op 16th"]
[Site "Mainz"]
[Date "2009.08.01"]
[Round "4"]
[White "Movsesian, Sergei"]
[Black "Sebag, Marie"]
[Result "1-0"]
[WhiteElo "2716"]
[BlackElo "2531"]
[PlyCount "137"]
[EventDate "2009.08.01"]
[EventType "swiss (rapid)"]
[EventRounds "11"]
[EventCountry "GER"]
[SourceTitle "CBM 131 Extra"]
[Source "ChessBase"]
[SourceDate "2009.09.03"]
[SourceVersion "2"]
[SourceVersionDate "2009.09.16"]
[SourceQuality "1"]

1. Nf3 d5 2. g3 c6 3. Bg2 Bg4 4. O-O Nd7 5. d3 e6 6. h3 Bh5 7. Nbd2 Ngf6 8. e4 Bc5 ({RR} 8... Be7 9. Re1 O-O 10. e5 Ne8 11. Nf1 Nc7 12. Bf4 f6 13. exf6 Bxf6 14. d4 e5 15. dxe5 Be7 16. Bd2 Ne6 17. g4 Bg6 18. Ng3 Qb6 19. Be3 Qc7 20. Nd4 Nxd4 21. Bxd4 Nc5 22. e6 Rae8 23. b4 {Movsesian,S (2647)-Acs,P (2548) Tripoli 2004 1-0 (51)}) 9. Re1 $146 ({RR} 9. Qe2 Qc7 10. e5 Ng8 11. c3 Bb6 12. d4 c5 13. Nb3 c4 14. Nbd2 Ba5 15. g4 Bg6 16. Ne1 h5 17. f4 hxg4 18. hxg4 Ne7 19. Ndf3 b5 20. Ng5 Bb6 21. f5 exf5 22. Bf4 Qc6 23. e6 fxe6 {Van Mechelen,J (2300)-Docx,S (2315) Geel 1996 ½-½ (40)}) ({RR} 9. Qe2 O-O 10. c3 dxe4 11. dxe4 Ne5 12. g4 Nxf3+ 13. Bxf3 Bg6 14. Kg2 Nd7 15. Nc4 b5 16. Ne3 Ne5 17. Rd1 Qf6 18. Rf1 Rad8 19. Nc2 Rd3 20. Be3 Bxe3 21. Nxe3 Rfd8 22. Rad1 h5 23. Rxd3 Rxd3 {Javakhadze,Z (2459)-Bayo Milagro,A (2287) chess.com INT 2023 ½-½ (31)}) ({RR} 9. g4 Bg6 10. e5 Ng8 11. d4 Bb6 12. c3 Ne7 13. Re1 O-O 14. Nf1 c5 15. Bg5 Re8 16. Ng3 Qc7 17. Rc1 Nc6 18. Nh4 cxd4 19. Nxg6 hxg6 20. cxd4 Rac8 21. Be3 a6 22. Re2 Qb8 23. Rec2 Qa7 {Sochna,D (2135)-Pise,J (2087) Czech Republic 2011 0-1 (84)}) 9... O-O 10. e5 Ne8 11. g4 Bg6 12. Nf1 f6 13. d4 Bb6 14. Ng3 c5 15. exf6 Qxf6 16. Bg5 Qf7 17. Be3 Nc7 18. dxc5 Bxc5 19. Ne5 Nxe5 20. Bxc5 Nf3+ 21. Bxf3 Qxf3 22. Bxf8 Qxf8 23. Qd4 Qf7 24. Re2 Rf8 25. Rae1 h5 26. gxh5 Bxh5 27. Nxh5 Qxh5 28. Qe5 Qf7 29. Kh2 b5 30. Rg1 Qf4+ 31. Qxf4 Rxf4 32. Rg4 Rf5 33. a4 a6 34. f4 bxa4 35. Re5 Rf7 36. f5 exf5 37. Rxa4 g5 38. h4 Kg7 39. hxg5 Kg6 40. Kg3 Kxg5 41. Rf4 Kg6 42. Kf3 Rf6 43. Rb4 Rc6 44. c3 Kf6 45. Re1 Ne6 46. Ke3 f4+ 47. Kf2 Kf5 48. Rb8 a5 49. Ra1 d4 50. Rxa5+ Ke4 51. Ra4 Kd3 52. cxd4 Rc2+ 53. Kf3 Nxd4+ 54. Kxf4 Ne2+ 55. Ke5 Rc5+ 56. Kd6 Rh5 57. Rg4 Nd4 58. Rg3+ Ke4 59. Re8+ Kf4 60. Rd3 Nf5+ 61. Kc6 Rh2 62. b4 Rc2+ 63. Kb6 Ng7 64. Re1 Nf5 65. b5 Rc4 66. Kb7 Nd4 67. b6 Nc6 68. Rd6 Na5+ 69. Ka6 1-0

[Event "Staunton Memorial 7th GM"]
[Site "London"]
[Date "2009.08.12"]
[Round "5"]
[White "Timman, Jan H"]
[Black "Williams, Simon Kim"]
[Result "1-0"]
[WhiteElo "2569"]
[BlackElo "2527"]
[PlyCount "67"]
[EventDate "2009.08.08"]
[EventType "tourn"]
[EventRounds "9"]
[EventCountry "ENG"]
[EventCategory "9"]
[SourceTitle "CBM 131 Extra"]
[Source "ChessBase"]
[SourceDate "2009.09.03"]
[SourceVersion "2"]
[SourceVersionDate "2009.09.16"]
[SourceQuality "1"]

1. Nf3 Nf6 2. g3 g6 3. b3 Bg7 4. Bb2 O-O 5. Bg2 b5 6. Ne5 c6 7. d4 Qc7 8. O-O d6 9. Nd3 Bb7 10. Nd2 $146 ({RR} 10. c4 bxc4 11. bxc4 Nbd7 12. Nd2 Rab8 13. Bc3 Rfe8 14. Nb3 Nb6 15. Na5 Ba8 16. Rc1 Nfd7 17. e3 c5 18. Bxa8 cxd4 19. exd4 Rxa8 20. Nb4 Nf6 21. Qf3 Rac8 22. c5 Na4 23. Nbc6 dxc5 24. Ba1 cxd4 {Javakhishvili,L (2426)-Injac,T (2441) New York USA 2024 0-1 (91)}) 10... Nfd7 11. c4 bxc4 12. bxc4 a5 13. Qc2 Na6 14. a3 Rab8 15. Rac1 e5 16. e3 Rfe8 17. Rfe1 exd4 18. Bxd4 Nac5 19. Nxc5 Nxc5 20. Bxc5 dxc5 21. Rb1 Rbd8 22. Bh3 Ba6 23. Red1 Qe5 24. Qa4 Qh5 25. Bg2 Bc8 26. Bxc6 Rf8 27. Bf3 Qe5 28. Qxa5 Bf5 29. Rb5 Bc2 30. Rc1 Qf5 31. e4 Qf6 32. Rxc2 Rxd2 33. Qxd2 Qxf3 34. Rxc5 1-0

[Event "Zuerich Jubilee op"]
[Site "Zuerich"]
[Date "2009.08.11"]
[Round "4"]
[White "Harikrishna, Pentala"]
[Black "Lauber, Arnd"]
[Result "1-0"]
[WhiteElo "2679"]
[BlackElo "2517"]
[PlyCount "93"]
[EventDate "2009.08.09"]
[EventType "swiss"]
[EventRounds "9"]
[EventCountry "SUI"]
[SourceTitle "CBM 131 Extra"]
[Source "ChessBase"]
[SourceDate "2009.09.03"]
[SourceVersion "2"]
[SourceVersionDate "2009.09.16"]
[SourceQuality "1"]

1. Nf3 d5 2. g3 Nf6 3. Bg2 Bf5 4. c4 e6 5. Qb3 Na6 6. cxd5 exd5 7. Nd4 Bc8 8. O-O Be7 9. d3 O-O 10. Nc3 c5 11. Nc2 d4 12. Nd5 Nxd5 13. Qxd5 Nc7 14. Qh5 $146 ({RR} 14. Qxd8 Rxd8 15. Bd2 Nd5 16. a4 a5 17. Na3 b6 18. Nc4 Rb8 19. Ra3 Be6 20. Rb3 Nb4 21. Bf4 Bxc4 22. dxc4 Bd6 23. Bd2 Re8 24. Bf3 g6 25. h4 h5 26. Kg2 Kg7 27. Rh1 f5 28. Re1 Re6 {Harikrishna,P (2673)-Meier,G (2608) Nancy 2009 ½-½ (45)}) 14... Rb8 15. b4 cxb4 16. Rb1 g6 17. Qa5 Bg4 18. Nxd4 Qxd4 19. Qxc7 Bd6 20. Qc2 Qc3 21. Qd1 Rfe8 22. Re1 a5 23. Bb2 Qc7 24. Qd2 Be5 25. d4 Bg7 26. Rbc1 Qb6 27. e4 b3 28. h3 Bd7 29. d5 bxa2 30. Bxg7 Kxg7 31. Qxa2 a4 32. e5 Ra8 33. Rb1 Qa6 34. Qa3 Rab8 35. h4 b5 36. Qa1 Kg8 37. h5 gxh5 38. e6 Bxe6 39. Qf6 Qd6 40. Re5 h6 41. Bh3 Qxe5 42. Qxe5 Bxh3 43. Qxh5 a3 44. Qxh3 b4 45. Qg4+ Kf8 46. Qc4 Kg8 47. Kg2 1-0

[Event "FRA-chB 84th"]
[Site "Nimes"]
[Date "2009.08.13"]
[Round "4"]
[White "Charnushevich, Aliaksei"]
[Black "Abergel, Thal"]
[Result "1-0"]
[WhiteElo "2503"]
[BlackElo "2517"]
[PlyCount "81"]
[EventDate "2009.08.10"]
[EventType "tourn"]
[EventRounds "11"]
[EventCountry "FRA"]
[EventCategory "9"]
[SourceTitle "CBM 131 Extra"]
[Source "ChessBase"]
[SourceDate "2009.09.03"]
[SourceVersion "2"]
[SourceVersionDate "2009.09.16"]
[SourceQuality "1"]

1. Nf3 d5 2. g3 Nf6 3. Bg2 c6 4. O-O Bg4 5. d3 Nbd7 6. Nbd2 e6 7. e4 dxe4 8. dxe4 Bc5 ({RR} 8... Ne5 9. Qe1 Nxf3+ 10. Nxf3 Nd7 11. Qc3 Qb6 12. Be3 Qb4 13. Qxb4 Bxb4 14. Rfd1 Nb6 15. h3 Bxf3 16. Bxf3 Nc4 17. Bc1 Rd8 18. Rxd8+ Kxd8 19. Be2 Nd6 20. Be3 Kc7 21. a3 Ba5 22. Bf4 Re8 23. Bxd6+ {Morovic Fernandez,I (2552)-Rozentalis,E (2618) Asuncion 2010 ½-½}) 9. h3 Bh5 10. Qe1 Qc7 11. Kh1 $146 ({RR} 11. e5 Nd5 12. a3 a5 13. c4 N5b6 14. b3 Bg6 15. Ne4 Bxe4 16. Qxe4 O-O 17. Ng5 g6 18. Qh4 h5 19. Bb2 Be7 20. Nxe6 Bxh4 21. Nxc7 Be7 22. Nxa8 Rxa8 23. Rad1 Nc5 24. Bd4 Nbd7 25. b4 axb4 {Vaganian,R (2449)-Cadena M,G (2258) chess.com INT 2024 1-0 (46)}) ({RR} 11. e5 Nd5 12. a3 a5 13. c4 N5b6 14. b3 Bg6 15. Ne4 Bxe4 16. Qxe4 O-O 17. Ng5 g6 18. Qh4 h5 19. Bb2 Be7 20. Nxe6 Bxh4 21. Nxc7 Be7 22. Nxa8 Rxa8 23. Rad1 Nc5 24. Bd4 Nbd7 25. b4 axb4 {Vaganian,R (2449)-Cadena M,G (2258) chess.com INT 2024 1-0 (46)}) 11... O-O-O 12. a3 e5 13. b4 Bb6 14. Nc4 Bxf3 15. Bxf3 a6 16. a4 Kb8 17. Qe2 Bd4 18. Ra3 Nb6 19. Nd2 Nc8 20. c3 Ba7 21. Nb3 Nd6 22. Nc5 Bxc5 23. bxc5 Nc8 24. Rb3 Ka7 25. Be3 Rhe8 26. Rfb1 Re7 27. Qc4 Qa5 28. Bg2 Ka8 29. f4 exf4 30. Bxf4 Rdd7 31. Bd6 Nxd6 32. cxd6 Rxd6 33. e5 Rxe5 34. Rxb7 Re1+ 35. Kh2 Rxb1 36. Rxb1 Ka7 37. Bxc6 Rd2+ 38. Kh1 Rd7 39. Bxd7 Nxd7 40. Qc6 Nc5 41. Qc8 1-0

[Event "Abu Dhabi op 19th"]
[Site "Abu Dhabi"]
[Date "2009.08.18"]
[Round "7"]
[White "Amin, Bassem"]
[Black "Bocharov, Dmitry"]
[Result "1-0"]
[WhiteElo "2551"]
[BlackElo "2613"]
[PlyCount "77"]
[EventDate "2009.08.12"]
[EventType "swiss"]
[EventRounds "9"]
[EventCountry "UAE"]
[SourceTitle "CBM 131 Extra"]
[Source "ChessBase"]
[SourceDate "2009.09.03"]
[SourceVersion "2"]
[SourceVersionDate "2009.09.16"]
[SourceQuality "1"]

1. e4 c5 2. Nf3 Nc6 3. d3 g6 4. g3 Bg7 5. Bg2 Nf6 6. O-O d5 7. Nbd2 O-O 8. c3 Qc7 9. Re1 b6 ({RR} 9... Rd8 10. Qe2 b6 11. a4 e6 12. exd5 exd5 13. Nb3 Ba6 14. Bf4 Qc8 15. Qd1 h6 16. Ne5 Nxe5 17. Bxe5 Qf5 18. Bxf6 Bxf6 19. d4 Rab8 20. dxc5 bxc5 21. Rb1 Rbc8 22. Bf1 Bxf1 23. Kxf1 d4 24. cxd4 {Wynn,Z (2473)-Iturrizaga Bonelli,E (2636) Batumi 2018 0-1 (54)}) ({RR} 9... Rd8 10. e5 Ng4 11. e6 Bxe6 12. Rxe6 fxe6 13. Ng5 Nge5 14. Nxe6 Qd6 15. Nxd8 Rxd8 16. Qe2 Rf8 17. a3 a5 18. f4 Nd7 19. Nf3 h6 20. Bd2 e5 21. Re1 Re8 22. Qf1 Kh7 23. fxe5 Ndxe5 24. Nxe5 {Hillarp Persson,T (2493)-Johansson,W (1864) Malmo SWE 2023 1-0 (48)}) 10. Nf1 dxe4 $146 ({RR} 10... Rd8 11. e5 Ng4 12. d4 cxd4 13. cxd4 Nb4 14. Bg5 Qc2 15. Bxe7 Qxf2+ 16. Kh1 Nc2 17. Bxd8 Nxa1 18. Qxa1 Ba6 19. Bg5 Be2 20. Ng1 Bxf1 21. Rxf1 Qxd4 22. h3 Nxe5 23. Qd1 Qxb2 24. Qxd5 Rf8 25. Nf3 {Khotenashvili,B (2505)-Citak,S (2357) Konya 2012 1-0 (38)}) ({RR} 10... Rd8 11. e5 Ng4 12. d4 cxd4 13. cxd4 Nb4 14. Bf4 Qc2 15. a3 Qxf2+ 16. Kh1 Qc2 17. Re2 Qxd1 18. Rxd1 Ba6 19. Red2 Nd3 20. Kg1 Nxf4 21. gxf4 Bh6 22. h3 Bxf1 23. hxg4 Bxg2 24. Kxg2 Bxf4 25. Rc2 {Ter Stal,L (1637)-Polich,S (2096) Pardubice 2018 0-1 (33)}) 11. dxe4 Rd8 12. Qe2 h6 13. e5 Nd5 14. a3 e6 15. h4 Na5 16. N1d2 Bb7 17. Rb1 Rd7 18. c4 Ne7 19. b4 cxb4 20. axb4 Nac6 21. Ne4 Nf5 22. Bf4 Ncd4 23. Nxd4 Nxd4 24. Qa2 Rad8 25. Rbc1 Bxe4 26. Rxe4 Bf8 27. c5 bxc5 28. bxc5 Rd5 29. c6 Ra5 30. Qb2 Rb5 31. Qxd4 Rxd4 32. Rxd4 Rc5 33. Rxc5 Bxc5 34. Rd7 Qc8 35. Bxh6 Bb6 36. Bg5 Bc7 37. Be7 Bb6 38. Rb7 Bc7 39. Bd6 1-0

[Event "CHN-RUS Summit Men 6th Blitz"]
[Site "Sochi"]
[Date "2009.08.23"]
[Round "4"]
[White "Vitiugov, Nikita"]
[Black "Wang, Yue"]
[Result "1-0"]
[WhiteElo "2681"]
[BlackElo "2736"]
[PlyCount "119"]
[EventDate "2009.08.23"]
[EventType "schev (blitz)"]
[EventRounds "10"]
[EventCountry "RUS"]
[SourceTitle "CBM 131 Extra"]
[Source "ChessBase"]
[SourceDate "2009.09.03"]
[SourceVersion "2"]
[SourceVersionDate "2009.09.16"]
[SourceQuality "1"]

1. Nf3 Nf6 2. g3 g6 3. Bg2 Bg7 4. O-O O-O 5. d3 d6 6. e4 e5 7. Nh4 ({RR} 7. Re1 Re8 8. c4 Bg4 9. h3 Bxf3 10. Bxf3 Nc6 11. Nc3 Nd7 12. h4 Nd4 13. Be3 c6 14. h5 a6 15. hxg6 hxg6 16. Bg2 b5 17. Ne2 Rb8 18. b3 Nc5 19. Bxd4 exd4 20. e5 Rxe5 21. Bxc6 bxc4 {Komliakov,V (2494)-Kasparov,S (2425) Koszalin 1999 ½-½}) 7... Nc6 ({RR} 7... c6 8. Qe1 Re8 9. Nc3 h6 10. f4 exf4 11. gxf4 Ng4 12. Qg3 Nf6 13. Bf3 Nbd7 14. Kh1 Nh7 15. Rg1 Ndf8 16. Nf5 Bxf5 17. exf5 Bd4 18. Bd2 Bxg1 19. Rxg1 d5 20. fxg6 fxg6 21. Qh3 Kg7 22. Ne2 {Arias Igual,A (2232)-Jordan Martinez,M (2212) Almansa 2017 1-0 (32)}) 8. c3 h6 $146 ({RR} 8... Be6 9. Qe1 Qd7 10. f4 exf4 11. gxf4 Bh3 12. Nd2 Bxg2 13. Nxg2 Rae8 14. Qh4 Qg4 15. Nf3 Qxh4 16. Ngxh4 h6 17. Bd2 Nd7 18. Kh1 Nc5 19. Ne1 Bf6 20. Nhf3 a5 21. Rd1 Kh7 22. Rg1 Rg8 23. Rg3 {Scharff,K (1901)-Kneutgen,A (2154) Niederkassel 2005 0-1 (54)}) 9. Nd2 Ne7 10. Qe1 g5 11. Nhf3 Ng6 12. Nc4 Be6 13. Ne3 Qd7 14. Kh1 Rae8 15. Ng1 c6 16. b3 Ng4 17. Nf5 Nf6 18. Nxg7 Kxg7 19. f4 exf4 20. gxf4 gxf4 21. Bxf4 Ng4 22. Bd2 f5 23. h3 Nf6 24. Qc1 Ng8 25. c4 Kh7 26. Qe1 Nf6 27. Qe3 f4 28. Rxf4 Nxf4 29. Qxf4 Ng4 30. Qg3 Nf6 31. Qh4 Qg7 32. Nf3 Qg6 33. Ng5+ Kg7 34. Nxe6+ Rxe6 35. Rg1 Kf7 36. Bf3 Qh7 37. Bc3 Ke8 38. Rf1 h5 39. Bg2 Qg6 40. Kh2 Nh7 41. Rxf8+ Kxf8 42. Bd2 Rf6 43. Be3 c5 44. a3 Kg7 45. b4 b6 46. d4 Nf8 47. e5 dxe5 48. dxe5 Re6 49. bxc5 bxc5 50. Bxc5 Nd7 51. Bxa7 Qd3 52. Qg3+ Qxg3+ 53. Kxg3 Ra6 54. Bd4 Rxa3+ 55. Kf4 Nf8 56. e6+ Kg8 57. Bd5 Ng6+ 58. Kg5 Ne7 59. Kf6 Kf8 60. Bc5 1-0